Mots avec un Y comme seule voyelle - Statistiques

Statistiques générales
  • Ce quiz a été pris 137 fois
  • Le résultat moyen est 2 sur 7
Statistiques - réponses
Définition Mot % Correct
Fleur royale Lys
94%
Plante aromatique Thym
44%
Sec Dry
34%
Carnivore Lynx
24%
Sport Gym
19%
Abréviation médicale Psy
15%
Dépôt sédimentaire Flysch
0%
Aucun quiz correspondant
Distribution des résultats
% des personnes avec chaque résultat
Percentile par nombre de réponses
Votre historique - résultats
Vous n’avez pas pris ce quiz